Le Mont-Saint-Michel - Choix multiples - Statistiques

Statistiques générales
  • Ce quiz a été pris 255 fois
  • Le résultat moyen est 6 sur 10
Statistiques - réponses
Question Réponse % Correct
Pouvez-vous compléter ce dicton breton ?

"Dans sa folie, le [fleuve précédent] a mis le Mont en Normandie mais quand il aura retrouvé la ______, il le rendra aux Bretons."
Raison
84%
Pour quelle spécialité culinaire l'auberge de la Mère Poulard du Mont-Saint-Michel est-elle internationalement réputée ? L'omelette
73%
Quel fleuve côtier sépare la Bretagne de la Normandie et place le Mont-Saint-Michel en Normandie pour quelques dizaines de mètres ? Le Couesnon
70%
Quelle figure de la Guerre de Cent ans ayant chassé les Anglais de plusieurs provinces françaises a résidé sur le mont lui-même ? Un hôtel sur le mont, porte aujourd'hui son nom. Bertrand du Guesclin
68%
Parmi les photographies suivantes, laquelle montre un aspect de la commune du Mont-Saint-Michel, vu depuis le Mont lui-même ?
50%
Saint Aubert vit apparaître l'archange saint Michel lui ordonnant d’édifier un sanctuaire à la gloire de Dieu sur l'îlot qu'est aujourd'hui le Mont-Saint-Michel. De quelle ville saint Aubert était-il l'évêque au VIIIe siècle ? Avranches
50%
Reconnaissez-vous parmi les images suivantes la statue de l'archange saint Michel au sommet de la flèche de l'église abbatiale du Mont Saint-Michel ?
45%
Quel philosophe grec antique a été traduit du grec en latin, par les moines du Mont-Saint-Michel dès le XIIe siècle, selon le titre de l'ouvrage de l'historien Sylvain Gouguenheim ? Aristote
45%
Parmi les célébrités américaines suivantes, laquelle s'est attablée à l'auberge de la Mère Poulard, contribuant ainsi à la renommée de l'auberge ? Charles Lindbergh
43%
Quel manuscrit du Moyen-âge comprend l'une des plus célèbres représentations du Mont-Saint-Michel de l'époque ? Les Très riches heures du duc de Berry
37%
Aucun quiz correspondant
Distribution des résultats
% des personnes avec chaque résultat
Percentile par nombre de réponses
Votre historique - résultats
Vous n’avez pas pris ce quiz